Państwa europejskie mówiące w tych językach - Statystyki

Ogólne statystyki
  • Ten quiz został rozwiązany 529 razy
    441 od ostatniego zresetowania
  • Średni wynik to 17 z 20
Statystyki odpowiedzi
jak nazrazie nicosc % Poprawnych
Serbia
97%
Niemcy
96%
Szwecja
96%
Rosja
95%
Rumunia
95%
Chorwacja
94%
Austria
93%
Białoruś
92%
Szwajcaria
92%
Irlandia
91%
Finlandia
90%
Bośnia i Hercegowina
88%
Bośnia i Hercegowina
88%
Liechtenstein
88%
Belgia
87%
Luksemburg
86%
Mołdawia
85%
Kosowo
83%
Kazachstan
56%
Malta
34%
Nie znaleziono quizów pasujących do podanych kryteriów
Rozkład punktacji
Procent ludzi z każdym wynikiem
Percentyl według liczby udzielonych odpowiedzi
Twoja historia wyników
Nie rozwiązałeś tego quizu od ostatniego zresetowania